Can You Guess The NBA Players By The Teams They Played For? - Statistics

General Stats
  • This quiz has been taken 12,600 times
  • The average score is 14 of 19
Answer Stats
Team(s) Player % Correct
(Cavaliers, *Heat, *Cavaliers, *Lakers) LeBron James
100%
(SuperSonics/Thunder, *Warriors, Nets) Kevin Durant
98%
(Bucks) Giannis Antetokounmpo
97%
(*Spurs, *Raptors, Clippers) Kawhi Leonard
95%
(*Warriors) Stephen Curry
95%
(Thunder, Rockets, Nets) James Harden
91%
(Hornets/Pelicans, *Lakers) Anthony Davis
85%
(Thunder, Rockets, & Wizards) Russell Westbrook
84%
(Trail Blazers) Damian Lillard
79%
(*Lakers) (*Former Player) Kobe Bryant
78%
(Magic, *Lakers, *Heat, Suns, Cavaliers, Celtics) (*Former Player) Shaquille O'Neal
78%
(Pacers, Thunder, Clippers) Paul George
71%
(Raptors, Nets, Magic, Suns, Mavericks, Grizzlies, Kings, Hawks) (*Former Player) Vince Carter
65%
(Magic, Lakers, Rockets, Hawks, Hornets, Wizards, *Lakers, 76ers) Dwight Howard
62%
(Raptors & Spurs) DeMar DeRozan
54%
(Grizzlies, Rockets, *Raptors) Kyle Lowry
37%
(Trail Blazers, Spurs, Nets) (*Former Player) LaMarcus Aldridge
37%
(Rockets, Grizzlies, Warriors, Magic, Bucks, Suns, Thunder, 76ers, Pelicans, 76ers, Pistons, Wizards) Ish Smith
28%
(Kings, Suns, Celtics, Cavaliers, Lakers, Nuggets, Wizards, Pelicans) Isaiah Thomas
26%
No matching quizzes found
Score Distribution
Percent of People with Each Score
Percentile by Number Answered
Your Score History
You have not taken this quiz